000 00480nam a2200169Ia 4500
999 _c26772
_d26772
003 OSt
005 20201216123249.0
008 190216s9999||||xx |||||||||||||| ||und||
040 _coclc
082 _a894.8121
_bKUR/A
100 _aKurup, G Sankara
_96935
245 0 _aAnthardaham /
_cG Sankara Kurup
260 _bcurrent books,
_c1963.
_aTrissur:
300 _a72p
650 _aMalayalam Kavitha
942 _cBK
_2ddc
_h894.8121
_iKUR/A
_k894.8121
_mKUR/A